000 01053nam0a2200301 i 4500
001 RU\NLR\bibl\1919239
005 20260406072639.0
010 _a9785699552627
_94000
021 _aRU
_b2012-24497
_9319д/12
035 _a(NLR Aleph) 001908715
090 _a3146673
_c3146673
100 _a20120628d2012 u y0rusy50 ca
101 0 _arus
102 _aRU
105 _aa |||||||||
200 1 _aНежное сердце Барселоны
_e[повесть]
_fЕкатерина Неволина
210 _aМосква
_cЭксмо
_d2012
215 _a157 с.
_cил.
_d21
225 1 _aЛюбовь + Путешествия
_eв путешествия за любовью!
_iEspana. Barcelona
686 _aШ9(2)62=Р7-4
700 1 _4070
_8rus
_7ca
_aНеволина
_bЕ. А.
_f1974-
_gЕкатерина Александровна
_3RU\NLR\auth\7730392
_913412
801 0 _aRU
_bNLR
_c20120628
_gRCR
801 1 _aRU
_bNLR
_c20120628
830 _aавт. по кн.
942 _cBOOK
980 _aNBR